000 00366nam a2200133Ia 4500
008 180901s9999 xx 000 0 und d
020 _a9789814716369
100 _aStoker,H. Stephen.
245 _cH.Stephen Stoker.--
_aGeneral chemistry /
250 _a2nd ed
260 _aQuezon City :
_bC & E Publishing
_c2016
300 _av, 340 pages.
650 _aChemistry.
999 _c358453
_d358453